000 00333nam a2200133Ia 4500
008 180921t1975 xxu||||| ||||o00| 0 eng d
041 _aeng
245 _aFerguson's Ceylon Directory ( 117th Edition ) : Institutions
260 _c1975
300 _a23 cm
942 _cBK
999 _c46155
_d46155
003 LK-CoDNM
040 _aLK-CoDNM
_dLK-CoDNM
_eLK-CoDNM